Tributo a Niemeyer

Gorde:
Xehetasun bibliografikoak
Egile nagusia: Segre, Roberto (Egilea)
Formatua: Liburua
Hizkuntza:portugesa
Argitaratua: Río de Janeiro Viana y Mosley 2009
Gaiak:
Etiketak: Etiketa erantsi
Etiketarik gabe, Izan zaitez lehena erregistro honi etiketa jartzen!

MARC

LEADER 00000nam a2200000 a 4500
001 UCG6299
003 CL-VaPUC
008 110414e20090000BL |||||||||||||||||por|d
020 |a 9788588721555 
082 0 4 |a 720.981  |b SEG  |2 21 
100 0 |a Segre, Roberto  |e author  |9 556390 
245 1 0 |a Tributo a Niemeyer 
300 |a 175 p 
942 |c BK 
945 |d 20110414 00:00:00  |a jcampos 
260 |a Río de Janeiro  |b Viana y Mosley  |c 2009 
650 0 |a Arquitectura brasileña   |9 268803 
650 0 |a Arquitectura moderna  |9 265021 
651 0 |a Brasil  |9 267393 
583 |a last modification  |c 20160928 08:43:21  |k Rodrigo Vera 
999 |c 344566  |d 344564 
952 |0 0  |1 0  |4 0  |6 720_981000000000000_SEG_2009  |7 0  |8 A  |9 442605  |a BIBARQ  |b BIBARQ  |d 2019-11-22  |i 4766342  |o 720.981 SEG 2009  |p 4766342  |r 2025-01-20  |w 2019-11-22  |y BK  |k ARQ